| 000 | 00650nam a22001817a 4500 | ||
|---|---|---|---|
| 003 | DO-SdBNP | ||
| 005 | 20171124124459.0 | ||
| 008 | 171124b 1982 nyu a ||||| |||| 00| 0 spa d | ||
| 040 |
_aBPMSU _bspa _cBPMSU |
||
| 092 |
_axxxx _bxxxx |
||
| 245 | 1 | 0 | _aUsted puede vivir para siempre en el paraiso en la Tierra. |
| 260 |
_aBrooklyn, N Y : _bInternational Bible Students Association, _c1982. |
||
| 300 |
_a253 p. : _b il., retrs. ; _c16 cm. |
||
| 500 | _aVivir para siempre. Derechos de autor por Watchtower Bible y Tract Society of Pennsylvania. | ||
| 942 |
_2ddc _cBK |
||
| 945 | _aInventario / 2017 LP | ||
| 956 |
_aLOPEREZ _b10 _c20171124 _h0041 |
||
| 999 |
_c13089 _d13089 |
||